Geography Quiz

Random Geography or City Quiz
Score 0/10 Timer 02:00
23 Plays Today
Clue 'C'-Place % Correct
World's most populated countryChina
99.3%
Largest island in the CaribbeanCuba
96%
South American country with cities Medellín and BogotáColombia
92.5%
A city in the US and UK, both known for their prestigious universitiesCambridge
88.9%
Former Yugoslavian country known for its picturesque coastlineCroatia
85.9%
US state between New York, Massachusetts, and Rhode IslandConnecticut
85.6%
Peninsula claimed by both Ukraine and RussiaCrimea
71.9%
Nevada's capital cityCarson City
71.8%
British Overseas Territory in the Caribbean known for being a tax havenCayman Islands
59.9%
The largest city of New Zealand's South IslandChristchurch
55.6%
Remove Ads.
Support Sporcle.
Get the best of Sporcle when you Go Orange. This ad-free experience offers more features, more stats, and more fun while also helping to support Sporcle. Thank you for becoming a member.

You're not logged in!

Compare scores with friends on all Sporcle quizzes.
OR
Log In

Show Comments

Extras

Top Quizzes Today


Score Distribution

Your Account Isn't Verified!

In order to create a playlist on Sporcle, you need to verify the email address you used during registration. Go to your Sporcle Settings to finish the process.

Report this User

Report this user for behavior that violates our Community Guidelines.

Details: